[Event "Krakow op-B 23rd"]
[Site "Krakow"]
[Date "2012.12.31"]
[Round "6"]
[White "Szado, Jerzy"]
[Black "Kosztyla, Andrzej"]
[Result "0-1"]
[WhiteElo "1554"]
[BlackElo "1647"]
[PlyCount "84"]
[EventDate "2012.12.27"]
[EventType "swiss"]
[EventRounds "9"]
[EventCountry "POL"]
[SourceTitle "CBM 152 Extra"]
[Source "ChessBase"]
[SourceDate "2013.02.25"]
[SourceVersion "1"]
[SourceVersionDate "2013.02.25"]
[SourceQuality "1"]

1. d4 d5 2. c4 c6 3. Nc3 e6 4. Nf3 Nf6 5. Bg5 Be7 6. e3 0-0 7. Bd3 Nh5 8. Bxe7 Qxe7 9. Ne5 Nf6 10. Qc2 h6 11. c5 Nbd7 12. f4 Nxe5 13. fxe5 Nd7 14. 0-0 f6 15. exf6 Nxf6 16. e4 dxe4 17. Nxe4 Nxe4 18. Rxf8+ Qxf8 19. Bxe4 Qe7 20. Bg6 Bd7 21. Qe4 Rf8 22. Rf1 Rxf1+ 23. Kxf1 Qg5 24. Ke2 Kf8 25. h4 Qf6 26. g4 Be8 27. Bxe8 Kxe8 28. h5 a6 29. Ke3 Ke7 30. b4 Qg5+ 31. Qf4 Qd5 32. Qc7+ Qd7 33. Qxd7+ Kxd7 34. Ke4 Ke7 35. Ke5 Kd7 36. a4 Ke7 37. b5 cxb5 38. axb5 axb5 39. d5 exd5 40. Kxd5 Kd7 41. Ke5 b4 42. Kf5 b3 0-1